[Event "2nd Novi Sad it"]
[Site "Novi Sad"]
[Date "1973.10.25"]
[EventDate "1973.10.20"]
[Round "1.1"]
[White "Lein, Anatoly"]
[Black "Lombard, Andre"]
[Result "1-0"]
[WhiteElo "2545"]
[BlackElo "2400"]
[PlyCount "107"]
[Source "Perpetual Check"]

1. c4 c5 2. Nf3 Nf6 3. Nc3 Nc6 4. e3 e6 5. d4 d5 6. cxd5 exd5 7. Be2 cxd4 8.
Nxd4 Bd6 9. O-O O-O 10. Nf3 a6 11. b3 Bc7 12. Ba3 Re8 13. Rc1 Bf5 14. Na4 Ne4
15. Nc5 Nxc5 16. Bxc5 Be5 17. Nxe5 Rxe5 18. Qd2 Qc7 19. Rfd1 Rd8 20. Bd4 Re6
21. Qc3 Rh6 22. g3 Rg6 23. Bf3 Bg4 24. Bxg4 Rxg4 25. Rd2 Rg5 26. Rcd1 Qe7 27.
Bb6 Rd7 28. e4 Qxe4 29. Rd3 Re5 30. Bd4 Re6 31. Bxg7 Qb4 32. R3d2 Qxc3 33. Bxc3
Red6 34. Bd4 Nxd4 35. Rxd4 f6 36. Kg2 Kf7 37. Kf3 Ke6 38. Re1+ Kf7 39. Kf4 Re6
40. Rxe6 Kxe6 41. Rd2 a5 42. Re2+ Kd6 43. Kf5 d4 44. Ke4 Kc5 45. Kd3 Kb4 46.
Re6 Ka3 47. Rxf6 Kxa2 48. Rb6 Rc7 49. Rb5 Rc3+ 50. Kxd4 Rf3 51. Rxa5+ Kxb3 52.
Rb5+ Kc2 53. Rxb7 Rxf2 54. Rxh7 1-0

[Event "2nd Novi Sad it"]
[Site "Novi Sad"]
[Date "1973.10.20"]
[EventDate "1973.10.20"]
[Round "1.2"]
[White "Ciocaltea, Victor"]
[Black "Marjan, Dusan"]
[Result "1-0"]
[WhiteElo "2455"]
[BlackElo "2215"]
[PlyCount "53"]
[Source "Perpetual Check"]

1. e4 c5 2. Nf3 Nc6 3. Bb5 g6 4. O-O Bg7 5. Re1 Nf6 6. c3 a6 7. Bf1 O-O 8. h3
d6 9. d4 e5 10. dxc5 dxc5 11. Qc2 Qe7 12. a4 Be6 13. a5 h6 14. Nbd2 Qc7 15. Qa4
Nd7 16. Nc4 Kh7 17. Ne3 b5 18. axb6 Nxb6 19. Qc2 a5 20. Nd2 Rfb8 21. Ndc4 Nxc4
22. Bxc4 Bxc4 23. Nxc4 Bf8 24. Be3 Qb7 25. Qa4 Be7 26. Red1 Nd8 27. Rd7 1-0

[Event "2nd Novi Sad it"]
[Site "Novi Sad"]
[Date "1973.10.20"]
[EventDate "1973.10.20"]
[Round "1.4"]
[White "Ilijic, Milan"]
[Black "Janosevic, Dragoljub"]
[Result "0-1"]
[WhiteElo "2385"]
[BlackElo "2415"]
[PlyCount "85"]
[Source "Perpetual Check"]

1. c4 Nf6 2. g3 e5 3. Bg2 Nc6 4. Nc3 g6 5. Nf3 Bg7 6. O-O O-O 7. d3 d6 8. Rb1
Nd4 9. e3 Nxf3+ 10. Bxf3 c6 11. b4 Bh3 12. Re1 Qd7 13. b5 Bg4 14. bxc6 bxc6 15.
Ba3 Bxf3 16. Qxf3 Rfe8 17. Rb3 d5 18. cxd5 cxd5 19. Reb1 e4 20. dxe4 dxe4 21.
Qe2 Ng4 22. Nb5 Ne5 23. Kg2 Nf3 24. h3 Be5 25. Bb2 h5 26. Rd1 Qf5 27. Bxe5 Ng5
28. Rh1 Rxe5 29. Nd4 Qf6 30. h4 Ne6 31. Rd1 Rd5 32. Nxe6 Qf3+ 33. Qxf3 exf3+
34. Kxf3 Rxd1 35. Ng5 Rad8 36. Ne4 Kg7 37. Ra3 R8d7 38. Ra6 R1d5 39. Ng5 Rd2
40. e4 R2d6 41. Ra5 f6 42. Nh3 Rd3+ 43. Ke2 0-1

[Event "2nd Novi Sad it"]
[Site "Novi Sad"]
[Date "1973.10.20"]
[EventDate "1973.10.20"]
[Round "1.5"]
[White "Buljovcic, Ivan"]
[Black "Deze, Anton"]
[Result "1-0"]
[WhiteElo "2435"]
[BlackElo "2370"]
[PlyCount "75"]
[Source "Perpetual Check"]

1. e4 c5 2. c3 d5 3. exd5 Qxd5 4. d4 Nf6 5. Nf3 Nc6 6. Na3 cxd4 7. Nb5 Qd8 8.
Nbxd4 Nxd4 9. Qxd4 Qxd4 10. Nxd4 a6 11. Bf4 e6 12. Be2 Nd7 13. Bg3 e5 14. Nf5
g6 15. Ne3 Bg7 16. Bh4 Nb6 17. O-O-O Bd7 18. Bf3 Rb8 19. Rhe1 h6 20. Nd5 Nxd5
21. Bxd5 O-O 22. Be7 Rfe8 23. Bd6 Rbd8 24. Bc7 Rc8 25. Bxf7+ Kxf7 26. Rxd7+ Kg8
27. Bb6 Bf8 28. Rxb7 Re6 29. Be3 h5 30. Rb6 Kf7 31. Rxe6 Kxe6 32. Bd4 Bh6+ 33.
Kc2 Bf4 34. Bxe5 Bxe5 35. f4 Kf5 36. fxe5 Ke6 37. b4 Rf8 38. Re2 1-0

[Event "2nd Novi Sad it"]
[Site "Novi Sad"]
[Date "1973.10.20"]
[EventDate "1973.10.20"]
[Round "1.6"]
[White "Rakic, Tomislav"]
[Black "Langeweg, Christian"]
[Result "1/2-1/2"]
[WhiteElo "2415"]
[BlackElo "2430"]
[PlyCount "83"]
[Source "Perpetual Check"]

1. d4 Nf6 2. Nf3 e6 3. Nc3 d5 4. Bg5 Be7 5. Bxf6 gxf6 6. e4 dxe4 7. Nxe4 b6 8.
Bb5+ c6 9. Bd3 Nd7 10. Qe2 Qc7 11. c4 Bb7 12. O-O-O O-O-O 13. Kb1 Kb8 14. Bc2
Ba6 15. Bd3 Bb7 16. Nc3 Bb4 17. Ne4 f5 18. Neg5 Rdf8 19. Ne5 Nxe5 20. dxe5 Be7
21. f4 c5 22. Nf3 Rhg8 23. Rhg1 Rd8 24. Bc2 Rxd1+ 25. Rxd1 Bc6 26. Ne1 Rg4 27.
Qe3 h5 28. Rd2 h4 29. Bd1 Rg8 30. Bf3 Qb7 31. Rd3 Bxf3 32. Qxf3 Qxf3 33. Rxf3
Kc7 34. Kc2 f6 35. Ra3 a5 36. exf6 Bxf6 37. Re3 Kd6 38. Rb3 Kc6 39. Re3 Kd7 40.
Rb3 Kc6 41. Re3 Kd7 42. Re2 1/2-1/2

[Event "2nd Novi Sad it"]
[Site "Novi Sad"]
[Date "1973.10.20"]
[EventDate "1973.10.20"]
[Round "1.7"]
[White "Adorjan, Andras"]
[Black "Szilagyi, Gyorgy"]
[Result "1-0"]
[WhiteElo "2515"]
[BlackElo "2350"]
[PlyCount "61"]
[Source "Perpetual Check"]

1. e4 c5 2. Nf3 g6 3. c3 d6 4. d4 Bg7 5. dxc5 dxc5 6. Qxd8+ Kxd8 7. Bc4 Ke8 8.
O-O Nc6 9. Na3 Bd7 10. Bf4 e5 11. Be3 b6 12. Rad1 Rd8 13. Ng5 Nh6 14. Nb5 Ke7
15. Nc7 Bc8 16. Nd5+ Kf8 17. Bb5 Bb7 18. b4 Ng4 19. bxc5 h6 20. Nf3 Nxe3 21.
Nxe3 bxc5 22. Bxc6 Rxd1 23. Bxb7 Rxf1+ 24. Kxf1 Ke7 25. Bd5 h5 26. g3 Rb8 27.
Bb3 Rb7 28. Nc4 f6 29. Nh4 g5 30. Nf5+ Kd8 31. Ncd6 1-0

[Event "2nd Novi Sad it"]
[Site "Novi Sad"]
[Date "1973.10.21"]
[EventDate "1973.10.20"]
[Round "2.2"]
[White "Szilagyi, Gyorgy"]
[Black "Matulovic, Milan"]
[Result "1/2-1/2"]
[WhiteElo "2350"]
[BlackElo "2525"]
[PlyCount "51"]
[Source "Perpetual Check"]

1. d4 g6 2. e4 d6 3. Nf3 Nf6 4. Nc3 Bg7 5. Be2 O-O 6. O-O Bg4 7. Be3 Nc6 8. d5
Bxf3 9. Bxf3 Ne5 10. Be2 c6 11. f4 Ned7 12. Qe1 cxd5 13. exd5 Nb6 14. Rd1 Rc8
15. Kh1 Nc4 16. Bc1 a6 17. Bf3 Nd7 18. Rf2 Qa5 19. Qxe7 Nc5 20. Re2 Rc7 21. Qh4
f5 22. Rde1 Bf6 23. Qh6 Bg7 24. Qh4 Bf6 25. Qh6 Bg7 26. Qh4 1/2-1/2

[Event "2nd Novi Sad it"]
[Site "Novi Sad"]
[Date "1973.10.21"]
[EventDate "1973.10.20"]
[Round "2.3"]
[White "Langeweg, Christian"]
[Black "Adorjan, Andras"]
[Result "1/2-1/2"]
[WhiteElo "2430"]
[BlackElo "2515"]
[PlyCount "30"]
[Source "Perpetual Check"]

1. Nf3 g6 2. e4 Bg7 3. d4 d6 4. Nc3 Nf6 5. Be2 O-O 6. O-O c6 7. a4 a5 8. Re1
Qc7 9. h3 e5 10. dxe5 dxe5 11. Bc4 Na6 12. Be3 Nd7 13. Qd2 Ndc5 14. Rad1 Be6
15. Bf1 Rad8 1/2-1/2

[Event "2nd Novi Sad it"]
[Site "Novi Sad"]
[Date "1973.10.21"]
[EventDate "1973.10.20"]
[Round "2.4"]
[White "Deze, Anton"]
[Black "Rakic, Tomislav"]
[Result "1-0"]
[WhiteElo "2370"]
[BlackElo "2415"]
[PlyCount "82"]
[Source "Perpetual Check"]

1. c4 e5 2. Nc3 Nf6 3. g3 c6 4. Nf3 d6 5. Bg2 Nbd7 6. d4 Be7 7. O-O O-O 8. Qc2
Re8 9. Rd1 Bf8 10. e4 Qa5 11. h3 exd4 12. Nxd4 Nb6 13. b3 d5 14. exd5 cxd5 15.
Ndb5 dxc4 16. Bb2 Nbd7 17. bxc4 a6 18. Nd4 Nb6 19. Nd5 Nbxd5 20. cxd5 Nxd5 21.
Nb3 Qc7 22. Qd2 Nb6 23. Qa5 Qc2 24. Rd2 Qg6 25. Rc1 Qh6 26. Rd4 Re2 27. Rh4 Qg6
28. Bd4 Nd7 29. Qd8 Rc2 30. Rg4 Rxc1+ 31. Nxc1 Qh6 32. Rxg7+ Qxg7 33. Bxg7 Kxg7
34. Nd3 h6 35. Nf4 Ne5 36. Nh5+ Kg8 37. Nf6+ Kg7 38. Nh5+ Kg8 39. Bd5 Nc6 40.
Nf6+ Kg7 41. Ne8+ Kg8 1-0

[Event "2nd Novi Sad it"]
[Site "Novi Sad"]
[Date "1973.10.21"]
[EventDate "1973.10.20"]
[Round "2.5"]
[White "Janosevic, Dragoljub"]
[Black "Buljovcic, Ivan"]
[Result "0-1"]
[WhiteElo "2415"]
[BlackElo "2435"]
[PlyCount "76"]
[Source "Perpetual Check"]

1. e4 c5 2. Nf3 d6 3. d4 cxd4 4. Nxd4 Nf6 5. Nc3 a6 6. Bg5 Nbd7 7. f4 Qb6 8.
Nb3 h6 9. Bxf6 Nxf6 10. Qd2 e6 11. Be2 Qc7 12. a4 Bd7 13. O-O Be7 14. Kh1 O-O
15. Nd4 Rad8 16. Bd3 e5 17. fxe5 dxe5 18. Nf5 Bxf5 19. Rxf5 Bb4 20. Qe1 Bxc3
21. bxc3 Ne8 22. Qg3 f6 23. Raf1 Nd6 24. R5f3 Kh8 25. Qg6 Qf7 26. Qg3 Qd7 27.
Qe1 Qxa4 28. g4 Kg8 29. h4 Qc6 30. c4 Nxc4 31. Qb4 b5 32. g5 a5 33. Bxc4+ bxc4
34. Qxa5 Qxe4 35. gxf6 Rd1 36. Kg2 Rxf1 37. f7+ Rxf7 38. Qa8+ Qxa8 0-1

[Event "2nd Novi Sad it"]
[Site "Novi Sad"]
[Date "1973.10.21"]
[EventDate "1973.10.20"]
[Round "2.6"]
[White "Jovic, Ljubomir"]
[Black "Ilijic, Milan"]
[Result "0-1"]
[WhiteElo "2410"]
[BlackElo "2385"]
[PlyCount "54"]
[Source "Perpetual Check"]

1. e4 d6 2. d4 g6 3. Nc3 Bg7 4. f4 Nf6 5. Nf3 O-O 6. e5 Nfd7 7. Qe2 Nb6 8. Be3
Na6 9. O-O-O c6 10. Rg1 Nd5 11. Nxd5 cxd5 12. g4 Bd7 13. Qd2 f5 14. exf6 Rxf6
15. Bd3 Qb6 16. a3 Rff8 17. h4 Nc5 18. h5 Rac8 19. Qh2 Nxd3+ 20. Rxd3 gxh5 21.
Qxh5 Qb5 22. Rgd1 Be8 23. Qh3 e6 24. Ng5 Bg6 25. R3d2 Qb3 26. f5 exf5 27. Rd3
Qxc2# 0-1

[Event "2nd Novi Sad it"]
[Site "Novi Sad"]
[Date "1973.10.21"]
[EventDate "1973.10.20"]
[Round "2.7"]
[White "Marjan, Dusan"]
[Black "Maric, Rudolf"]
[Result "0-1"]
[WhiteElo "2215"]
[BlackElo "2460"]
[PlyCount "82"]
[Source "Perpetual Check"]

1. e4 e6 2. Qe2 c5 3. f4 Nc6 4. Nf3 Nge7 5. g3 d5 6. d3 b6 7. Bg2 Ba6 8. exd5
Nxd5 9. O-O Be7 10. Nc3 O-O 11. Bd2 Bf6 12. Rae1 Rc8 13. a3 Nde7 14. Rc1 Nd4
15. Qf2 Nxf3+ 16. Bxf3 Nf5 17. Kg2 Qd7 18. b3 Nd4 19. Be4 Bb7 20. Kg1 b5 21.
Qg2 Ba6 22. Ne2 c4 23. bxc4 bxc4 24. Bb4 Rfd8 25. Rfd1 Nxe2+ 26. Qxe2 Bd4+ 27.
Kg2 f5 28. Bf3 cxd3 29. cxd3 Rxc1 30. Rxc1 Bf6 31. Re1 Kf7 32. Qa2 Bxd3 33. g4
fxg4 34. Bxg4 Qd5+ 35. Qxd5 exd5 36. Be6+ Kg6 37. Kg3 Bf5 38. Bxf5+ Kxf5 39.
Rc1 Re8 40. Kf3 Re4 41. Bd6 Rc4 0-1

[Event "2nd Novi Sad it"]
[Site "Novi Sad"]
[Date "1973.10.21"]
[EventDate "1973.10.20"]
[Round "2.8"]
[White "Lein, Anatoly"]
[Black "Ciocaltea, Victor"]
[Result "1/2-1/2"]
[WhiteElo "2545"]
[BlackElo "2455"]
[PlyCount "59"]
[Source "Perpetual Check"]

1. e4 e5 2. Nf3 Nc6 3. Bb5 a6 4. Ba4 d6 5. O-O Bd7 6. c3 Nf6 7. d4 g6 8. Re1
Qe7 9. Nbd2 Bg7 10. Nf1 O-O 11. Bg5 h6 12. Bh4 Qe8 13. Bc2 Kh8 14. Ne3 Ng8 15.
Nd5 Rc8 16. dxe5 dxe5 17. Qe2 Nce7 18. Bg3 f6 19. Nd2 Be6 20. Nxe7 Nxe7 21. f4
exf4 22. Bxf4 Nc6 23. Nb3 Ne5 24. Nc5 Bc4 25. Qe3 b6 26. Nb3 Kh7 27. Nd2 Bg8
28. Bb3 Qe7 29. Bxe5 fxe5 30. Nf3 1/2-1/2

[Event "2nd Novi Sad it"]
[Site "Novi Sad"]
[Date "1973.10.22"]
[EventDate "1973.10.20"]
[Round "3.1"]
[White "Ciocaltea, Victor"]
[Black "Lombard, Andre"]
[Result "1/2-1/2"]
[WhiteElo "2455"]
[BlackElo "2400"]
[PlyCount "84"]
[Source "Perpetual Check"]

1. e4 c5 2. Nf3 e6 3. d3 Nf6 4. g3 Be7 5. Bg2 Nc6 6. O-O O-O 7. Nbd2 d6 8. c3
Rb8 9. a3 b5 10. b4 a5 11. bxc5 dxc5 12. e5 Nd7 13. Re1 Qc7 14. Qe2 Rd8 15. h4
Ba6 16. Ne4 Ndxe5 17. Nxe5 Nxe5 18. Bf4 f6 19. Ng5 fxg5 20. Bxe5 Bd6 21. Bxd6
Qxd6 22. hxg5 Rb6 23. Be4 g6 24. Qe3 b4 25. axb4 axb4 26. c4 Bb7 27. Bxb7 Rxb7
28. Qxe6+ Qxe6 29. Rxe6 Rxd3 30. Ra8+ Kf7 31. Rf6+ Ke7 32. Rh8 Rdd7 33. Rxh7+
Kd8 34. Rh8+ Kc7 35. Kg2 b3 36. Rh1 Rd6 37. Rf7+ Rd7 38. Rxd7+ Kxd7 39. f4 b2
40. Rb1 Rb3 41. Kf2 Ke7 42. g4 Ke6 1/2-1/2

[Event "2nd Novi Sad it"]
[Site "Novi Sad"]
[Date "1973.10.22"]
[EventDate "1973.10.20"]
[Round "3.2"]
[White "Maric, Rudolf"]
[Black "Lein, Anatoly"]
[Result "1/2-1/2"]
[WhiteElo "2460"]
[BlackElo "2545"]
[PlyCount "108"]
[Source "Perpetual Check"]

1. e4 e5 2. Nf3 Nc6 3. d4 exd4 4. Bc4 Be7 5. Nxd4 d6 6. Nc3 Bf6 7. Be3 Nge7 8.
O-O O-O 9. h3 a6 10. Nxc6 Nxc6 11. Qd2 Re8 12. f3 Be6 13. Bxe6 fxe6 14. Rad1
Qe7 15. Ne2 Rad8 16. c3 Ne5 17. b3 c5 18. f4 Nc6 19. Qc2 g6 20. Kh1 d5 21. e5
Bg7 22. Ng1 d4 23. Bf2 Rf8 24. Ne2 g5 25. cxd4 gxf4 26. d5 f3 27. dxc6 Rxd1 28.
Qxd1 fxe2 29. Qxe2 bxc6 30. Rc1 Qg5 31. Rxc5 Rf5 32. Bd4 Qf4 33. Qc4 Qf1+ 34.
Qxf1 Rxf1+ 35. Kh2 Rd1 36. Be3 Kf7 37. Bf4 Rd5 38. Rxc6 a5 39. Rc7+ Kf8 40. Kg3
h5 41. Ra7 Bxe5 42. Bxe5 Rxe5 43. Kh4 Re2 44. Rxa5 Rxg2 45. Ra7 e5 46. Kxh5 e4
47. Ra4 e3 48. Re4 e2 49. b4 Kf7 50. b5 Kf6 51. b6 Rg5+ 52. Kh6 Rg6+ 53. Kh5
Rg5+ 54. Kh6 Rg6+ 1/2-1/2

[Event "2nd Novi Sad it"]
[Site "Novi Sad"]
[Date "1973.10.22"]
[EventDate "1973.10.20"]
[Round "3.3"]
[White "Ilijic, Milan"]
[Black "Marjan, Dusan"]
[Result "1/2-1/2"]
[WhiteElo "2385"]
[BlackElo "2215"]
[PlyCount "84"]
[Source "Perpetual Check"]

1. c4 c5 2. g3 g6 3. Bg2 Bg7 4. Nc3 Nc6 5. Nf3 Nf6 6. O-O O-O 7. d3 d6 8. Bd2
Bg4 9. h3 Bd7 10. Qc1 a6 11. Bh6 Rb8 12. Bxg7 Kxg7 13. b3 Nd4 14. Nxd4 cxd4 15.
Nd5 Nxd5 16. cxd5 Rc8 17. Qf4 Qb6 18. Rfc1 Rc3 19. Rxc3 dxc3 20. Rc1 Rc8 21.
Rc2 a5 22. h4 h5 23. Kh2 Qc5 24. d4 Qb4 25. Qe3 a4 26. Qxe7 axb3 27. axb3 Bf5
28. e4 Bg4 29. e5 Qxb3 30. Qf6+ Kg8 31. e6 Qxc2 32. Qxf7+ Kh8 33. Qf6+ Kh7 34.
Qe7+ Kg8 35. Qf7+ Kh8 36. Qf6+ Kh7 37. Qf7+ Kh8 38. Qf6+ Kh7 39. Qf7+ Kh8 40.
Qf6+ Kh7 41. Qe7+ Kg8 42. Qf7+ Kh8 1/2-1/2

[Event "2nd Novi Sad it"]
[Site "Novi Sad"]
[Date "1973.10.22"]
[EventDate "1973.10.20"]
[Round "3.4"]
[White "Buljovcic, Ivan"]
[Black "Jovic, Ljubomir"]
[Result "1-0"]
[WhiteElo "2435"]
[BlackElo "2410"]
[PlyCount "107"]
[Source "Perpetual Check"]

1. e4 g6 2. d4 Bg7 3. Nc3 d6 4. Bg5 h6 5. Be3 Nd7 6. Nf3 c6 7. a4 Qa5 8. Qd2
Ngf6 9. h3 g5 10. Be2 Nf8 11. b4 Qc7 12. h4 g4 13. Nh2 h5 14. Nf1 Ng6 15. a5 e5
16. Ng3 O-O 17. Rd1 Re8 18. Bh6 Bh8 19. dxe5 dxe5 20. Bc4 Be6 21. Bxe6 Rxe6 22.
Nf5 b6 23. axb6 axb6 24. O-O Nh7 25. Be3 Bf6 26. g3 Rd8 27. Qe2 Nhf8 28. b5 Rc8
29. Rd2 cxb5 30. Nd5 Qc4 31. Nxb6 Qxe2 32. Rxe2 Rcc6 33. Nd5 Rc4 34. Rb1 Rxe4
35. Rxb5 Rc4 36. Bc1 e4 37. Nfe3 Rc8 38. Nxf6+ Rxf6 39. Rxh5 Ne6 40. Nxg4 Rf3
41. Rd5 f5 42. Nh2 Ne7 43. Re5 Nd4 44. Rd2 Nec6 45. Rc5 Re8 46. Nxf3 Nxf3+ 47.
Kg2 Nxd2 48. Bxd2 Ne5 49. Be3 Kh7 50. h5 Nf3 51. Rxf5 Ne1+ 52. Kh3 Nxc2 53. g4
Rd8 54. Re5 1-0

[Event "2nd Novi Sad it"]
[Site "Novi Sad"]
[Date "1973.10.22"]
[EventDate "1973.10.20"]
[Round "3.5"]
[White "Rakic, Tomislav"]
[Black "Janosevic, Dragoljub"]
[Result "0-1"]
[WhiteElo "2415"]
[BlackElo "2415"]
[PlyCount "80"]
[Source "Perpetual Check"]

1. d4 Nf6 2. Nf3 d5 3. Bf4 e6 4. e3 Nbd7 5. Nbd2 Be7 6. Bd3 c5 7. c3 O-O 8. g4
Nxg4 9. h3 Ngf6 10. Ne5 Ne8 11. Qc2 f5 12. Ndf3 c4 13. Be2 Nd6 14. h4 Nxe5 15.
Bxe5 Nf7 16. O-O-O Bd7 17. Rdg1 Nxe5 18. Nxe5 Kh8 19. h5 Bf6 20. f4 Bxe5 21.
dxe5 b5 22. Bf3 Qe7 23. Qd2 a5 24. Rg2 b4 25. Rhg1 Rg8 26. Qd4 bxc3 27. Qxc3
Qb4 28. Qd4 c3 29. Qxb4 axb4 30. bxc3 bxc3 31. Bd1 Bb5 32. Bb3 Bd3 33. Rd1 Be4
34. Rc2 Rgc8 35. Rd4 Bxc2 36. Kxc2 Kg8 37. e4 fxe4 38. f5 exf5 39. Bxd5+ Kf8
40. Bxa8 Rxa8 0-1

[Event "2nd Novi Sad it"]
[Site "Novi Sad"]
[Date "1973.10.22"]
[EventDate "1973.10.20"]
[Round "3.6"]
[White "Adorjan, Andras"]
[Black "Deze, Anton"]
[Result "1/2-1/2"]
[WhiteElo "2515"]
[BlackElo "2370"]
[PlyCount "31"]
[Source "Perpetual Check"]

1. e4 c5 2. Nf3 Nc6 3. Bb5 g6 4. O-O Bg7 5. Re1 e5 6. Bxc6 dxc6 7. d3 Qc7 8. a4
b6 9. a5 Rb8 10. Be3 Nf6 11. Qc1 Nd7 12. Bh6 O-O 13. Bxg7 Kxg7 14. Nbd2 Rd8 15.
axb6 axb6 16. Nc4 1/2-1/2

[Event "2nd Novi Sad it"]
[Site "Novi Sad"]
[Date "1973.10.22"]
[EventDate "1973.10.20"]
[Round "3.7"]
[White "Matulovic, Milan"]
[Black "Langeweg, Christian"]
[Result "1-0"]
[WhiteElo "2525"]
[BlackElo "2430"]
[PlyCount "81"]
[Source "Perpetual Check"]

1. e4 c5 2. Nf3 e6 3. d4 cxd4 4. Nxd4 Nc6 5. Nb5 d6 6. c4 Nf6 7. N1c3 a6 8. Na3
Be7 9. Be2 O-O 10. O-O b6 11. Be3 Bb7 12. Rc1 Ne5 13. f3 Rc8 14. Bd4 Ng6 15.
Qd2 Qc7 16. Rfd1 Nd7 17. Bf1 Qb8 18. Be3 Rfd8 19. Qf2 Bc6 20. Nc2 Re8 21. Nb4
Bb7 22. Na4 Bh4 23. g3 Bd8 24. Nxb6 Nxb6 25. Bxb6 Bxe4 26. Bxd8 Qxb4 27. Bb6
Bb7 28. Bd4 Ne5 29. Bc3 Qa4 30. b3 Qc6 31. Bxe5 dxe5 32. Bg2 a5 33. Qe3 f6 34.
Rd2 Qc5 35. Qxc5 Rxc5 36. Rcd1 Kf7 37. Rd6 Re7 38. Kf2 f5 39. h4 Bc8 40. Rb6
Rec7 41. Bf1 1-0

[Event "2nd Novi Sad it"]
[Site "Novi Sad"]
[Date "1973.10.23"]
[EventDate "1973.10.20"]
[Round "4.1"]
[White "Lombard, Andre"]
[Black "Szilagyi, Gyorgy"]
[Result "1/2-1/2"]
[WhiteElo "2400"]
[BlackElo "2350"]
[PlyCount "86"]
[Source "Perpetual Check"]

1. c4 Nc6 2. Nc3 e5 3. Nf3 Nf6 4. e3 Bb4 5. Qc2 O-O 6. d3 Re8 7. Bd2 d6 8. Be2
Bf5 9. Nh4 Bd7 10. O-O e4 11. g3 exd3 12. Bxd3 Ne5 13. Be2 Bc6 14. f3 Bc5 15.
Nf5 a6 16. Kg2 Qc8 17. e4 Bd7 18. Bg5 Bxf5 19. exf5 Ned7 20. g4 c6 21. Rad1 b5
22. Rfe1 bxc4 23. Bxc4 d5 24. Bf1 Qc7 25. Rxe8+ Nxe8 26. Ne2 Bd6 27. h3 h6 28.
Be3 Nef6 29. Bf2 c5 30. Nc3 d4 31. Ne4 Nxe4 32. Qxe4 Rb8 33. Qc2 a5 34. Rd3 Ne5
35. Rb3 Rd8 36. Qe4 Qc6 37. Qxc6 Nxc6 38. Rb5 Rb8 39. h4 Kf8 40. Be1 Ke7 41.
Bd2 Rxb5 42. Bxb5 Nb4 43. b3 Bc7 1/2-1/2

[Event "2nd Novi Sad it"]
[Site "Novi Sad"]
[Date "1973.10.23"]
[EventDate "1973.10.20"]
[Round "4.3"]
[White "Deze, Anton"]
[Black "Matulovic, Milan"]
[Result "1/2-1/2"]
[WhiteElo "2370"]
[BlackElo "2525"]
[PlyCount "31"]
[Source "Perpetual Check"]

1. d4 d5 2. c4 dxc4 3. Nf3 Nf6 4. e3 Bg4 5. Bxc4 e6 6. Nc3 Nbd7 7. O-O Bd6 8.
e4 e5 9. dxe5 Nxe5 10. Be2 Bxf3 11. Bxf3 Nxf3+ 12. Qxf3 Qe7 13. Bf4 Bxf4 14.
Qxf4 O-O 15. Nd5 Nxd5 16. exd5 1/2-1/2

[Event "2nd Novi Sad it"]
[Site "Novi Sad"]
[Date "1973.10.23"]
[EventDate "1973.10.20"]
[Round "4.4"]
[White "Janosevic, Dragoljub"]
[Black "Adorjan, Andras"]
[Result "1-0"]
[WhiteElo "2415"]
[BlackElo "2515"]
[PlyCount "61"]
[Source "Perpetual Check"]

1. e4 c5 2. Nf3 Nc6 3. d4 cxd4 4. Nxd4 g6 5. Nc3 Bg7 6. Be3 Nf6 7. f3 O-O 8.
Qd2 d5 9. Nxc6 bxc6 10. e5 Nd7 11. f4 e6 12. O-O-O Qa5 13. Kb1 Rb8 14. b3 Qa3
15. Qe1 a6 16. Be2 Qe7 17. h4 f6 18. h5 fxe5 19. fxe5 Bb7 20. hxg6 Nxe5 21.
gxh7+ Kh8 22. Na4 Nd7 23. Bg4 e5 24. Bxd7 Qxd7 25. Bh6 Qg4 26. Bxg7+ Qxg7 27.
Rd3 Bc8 28. Rg3 Qf6 29. Rf3 Bf5 30. Rhf1 Qe6 31. Nc5 1-0

[Event "2nd Novi Sad it"]
[Site "Novi Sad"]
[Date "1973.10.23"]
[EventDate "1973.10.20"]
[Round "4.5"]
[White "Jovic, Ljubomir"]
[Black "Rakic, Tomislav"]
[Result "1/2-1/2"]
[WhiteElo "2410"]
[BlackElo "2415"]
[PlyCount "68"]
[Source "Perpetual Check"]

1. e4 c5 2. Nf3 Nc6 3. d4 cxd4 4. Nxd4 Nf6 5. Nc3 d6 6. Be2 e5 7. Nb3 Be7 8.
Be3 O-O 9. O-O Be6 10. Qd2 a5 11. Rad1 a4 12. Nc1 a3 13. b3 Qa5 14. f3 Rfc8 15.
Nd5 Bxd5 16. exd5 Nb4 17. c4 b5 18. g4 h6 19. h4 bxc4 20. bxc4 Bd8 21. g5 hxg5
22. hxg5 Nd7 23. Nb3 Qa4 24. f4 Bb6 25. Bxb6 Nxb6 26. Rc1 e4 27. Nd4 e3 28.
Qxe3 Nxa2 29. g6 Qe8 30. gxf7+ Qxf7 31. Bg4 Re8 32. Be6 Rxe6 33. Nxe6 Nxc1 34.
Rxc1 Nxc4 1/2-1/2

[Event "2nd Novi Sad it"]
[Site "Novi Sad"]
[Date "1973.10.23"]
[EventDate "1973.10.20"]
[Round "4.6"]
[White "Marjan, Dusan"]
[Black "Buljovcic, Ivan"]
[Result "1/2-1/2"]
[WhiteElo "2215"]
[BlackElo "2435"]
[PlyCount "28"]
[Source "Perpetual Check"]

1. e4 c5 2. f4 Nc6 3. Nf3 e6 4. Qe2 Nf6 5. g3 d5 6. d3 Be7 7. Bg2 b6 8. O-O O-O
9. Nbd2 Ba6 10. e5 Ne8 11. Re1 Nc7 12. c3 Qd7 13. h4 f6 14. Nf1 Qe8 1/2-1/2

[Event "2nd Novi Sad it"]
[Site "Novi Sad"]
[Date "1973.10.23"]
[EventDate "1973.10.20"]
[Round "4.7"]
[White "Lein, Anatoly"]
[Black "Ilijic, Milan"]
[Result "1/2-1/2"]
[WhiteElo "2545"]
[BlackElo "2385"]
[PlyCount "82"]
[Source "Perpetual Check"]

1. e4 d6 2. d4 Nf6 3. Nc3 g6 4. f4 Bg7 5. Nf3 O-O 6. Bd3 c6 7. e5 Nd5 8. Nxd5
cxd5 9. c3 Nc6 10. O-O dxe5 11. fxe5 f6 12. exf6 exf6 13. Bf4 Be6 14. Qd2 Qd7
15. Bh6 Rae8 16. Rf2 Bf5 17. Bxg7 Kxg7 18. Bxf5 Qxf5 19. Ne5 Qe6 20. Nd3 Rf7
21. Re1 Qc8 22. Ref1 b6 23. Rf3 Re4 24. Rh3 Ne7 25. Nf2 Re6 26. Ng4 Ng8 27. Rg3
Qd7 28. Ne3 Kh8 29. h4 f5 30. Rgf3 Nf6 31. g4 Rxe3 32. Rxe3 Nxg4 33. Re2 Nf6
34. Re5 Ng4 35. Re2 Nf6 36. Qf4 Ne4 37. Rg2 Qd8 38. Kh1 Qd6 39. Qxd6 Nxd6 40.
Re2 Ne4 41. Kg2 Kg7 1/2-1/2

[Event "2nd Novi Sad it"]
[Site "Novi Sad"]
[Date "1973.10.23"]
[EventDate "1973.10.20"]
[Round "4.8"]
[White "Ciocaltea, Victor"]
[Black "Maric, Rudolf"]
[Result "1/2-1/2"]
[WhiteElo "2455"]
[BlackElo "2460"]
[PlyCount "34"]
[Source "Perpetual Check"]

1. e4 e5 2. Nf3 Nc6 3. d3 Nf6 4. Be2 d5 5. Nbd2 Be7 6. O-O O-O 7. c3 Nh5 8.
Nxe5 Nxe5 9. d4 Nf6 10. dxe5 Nxe4 11. Nxe4 dxe4 12. Qb3 c6 13. Bf4 Bg5 14. Bg3
Bh4 15. Rad1 Qe7 16. Bxh4 Qxh4 17. Rd4 Qf4 1/2-1/2

[Event "2nd Novi Sad it"]
[Site "Novi Sad"]
[Date "1973.10.24"]
[EventDate "1973.10.20"]
[Round "5.2"]
[White "Ilijic, Milan"]
[Black "Ciocaltea, Victor"]
[Result "0-1"]
[WhiteElo "2385"]
[BlackElo "2455"]
[PlyCount "86"]
[Source "Perpetual Check"]

1. c4 g6 2. g3 Bg7 3. Bg2 c5 4. Nc3 Nc6 5. Nf3 e6 6. O-O Nge7 7. d3 O-O 8. Bd2
b6 9. a3 Bb7 10. Rb1 d5 11. b4 cxb4 12. axb4 Rc8 13. c5 bxc5 14. bxc5 Ba8 15.
Nb5 d4 16. Nd6 Rb8 17. Qa4 Qd7 18. Ng5 Rxb1 19. Rxb1 h6 20. Nh3 g5 21. f4 g4
22. Nf2 f5 23. Nd1 Kh7 24. Rb3 e5 25. Nb2 exf4 26. gxf4 Qe6 27. Kf1 Nd5 28.
Nbc4 Nc3 29. Bxc3 dxc3 30. Rxc3 Nd4 31. Ne5 Bxg2+ 32. Kxg2 Nxe2 33. Ra3 Qd5+
34. Kf2 Nxf4 35. d4 Qg2+ 36. Ke3 Qxh2 37. Qxa7 Ne6 38. Nd7 Qf4+ 39. Ke2 Nxd4+
40. Kd3 Qf3+ 41. Kd2 Qf2+ 42. Kd3 Qc2+ 43. Ke3 f4# 0-1

[Event "2nd Novi Sad it"]
[Site "Novi Sad"]
[Date "1973.10.24"]
[EventDate "1973.10.20"]
[Round "5.3"]
[White "Buljovcic, Ivan"]
[Black "Lein, Anatoly"]
[Result "0-1"]
[WhiteElo "2435"]
[BlackElo "2545"]
[PlyCount "80"]
[Source "Perpetual Check"]

1. e4 e5 2. Nf3 Nc6 3. Bb5 a6 4. Bxc6 dxc6 5. O-O Qd6 6. d4 exd4 7. Nxd4 Bd7 8.
Be3 O-O-O 9. Nc3 Qg6 10. Qe2 Nh6 11. f3 Bd6 12. Qf2 f5 13. Nde2 Kb8 14. Bf4
Rhe8 15. Qg3 Qxg3 16. Bxg3 b5 17. a3 c5 18. Bxd6 cxd6 19. Ng3 fxe4 20. Ngxe4
Kc7 21. Rfe1 Nf7 22. Rad1 Kc6 23. Kf2 Bf5 24. Rd2 Bxe4 25. Rxe4 Rxe4 26. fxe4
Ne5 27. b3 Rf8+ 28. Ke1 Ng4 29. h4 Rf4 30. g3 Rf3 31. Rd3 Rf8 32. Nd5 Re8 33.
Nc3 Nf6 34. Re3 a5 35. Nd5 Rxe4 36. Ne7+ Kd7 37. Nd5 Rxe3+ 38. Nxe3 Ke6 39. a4
bxa4 40. bxa4 d5 0-1